[Event "CRO-ch U15"]
[Site "Trogir"]
[Date "2023.06.22"]
[Round "3"]
[White "Drenski, Lovro"]
[Black "Babler, Jan"]
[Result "1/2-1/2"]
[WhiteElo "1761"]
[BlackElo "1694"]
[PlyCount "39"]
[EventDate "2023.06.21"]
[EventType "swiss"]
[EventRounds "9"]
[EventCountry "CRO"]
[SourceTitle "EXT 2024"]
[Source "ChessBase"]
[SourceDate "2023.10.10"]
[SourceVersion "1"]
[SourceVersionDate "2023.10.10"]
[SourceQuality "1"]

1. d4 d5 2. c4 e6 3. Nc3 Nf6 4. cxd5 exd5 5. Bf4 c6 6. Nf3 Bd6 7. Bxd6 Qxd6 8. g3 Nbd7 9. Bg2 0-0 10. 0-0 Re8 11. e3 h6 12. Rc1 b6 13. Qa4 Bb7 14. b4 b5 15. Qb3 a5 16. a3 Nb6 17. Nd2 Ra6 18. e4 Nc4 19. Nxc4 dxc4 20. Qb1 1/2-1/2